Plánovanie personálneho a sociálneho rozvoja v podmienkach SEZ Dolný Kubín záverečná práca postgraduálneho štúdia

Gespeichert in:
Bibliographische Detailangaben
1. Verfasser: Oleš, Ladislav
Körperschaft: Vysoká škola ekonomická v Bratislave
Weitere Verfasser: Klobušická, Viola
Format: Buch
Sprache:Slowakisch
Veröffentlicht: Bratislava 1989
Tags: Tag hinzufügen
Keine Tags, Fügen Sie das erste Tag hinzu!

MARC

LEADER 00000nam a2200000 4500
001 c026170
005 20221215071118.8
041 0 |a slo 
044 |a SK 
245 1 0 |a Plánovanie personálneho a sociálneho rozvoja v podmienkach SEZ Dolný Kubín  |b záverečná práca postgraduálneho štúdia  |c Ladislav Oleš ; ved. práce Viola Klobušická 
264 1 |a Bratislava  |c 1989 
300 |a 77 s. 
100 1 |a Oleš, Ladislav 
700 1 |a Klobušická, Viola 
710 2 |a Vysoká škola ekonomická v Bratislave